000 00324nam a22001457a 4500
008 210428b ||||| |||| 00| 0 eng d
020 _a9780324421774
041 _aeng
080 _24th
_a338
082 _a338
100 _a53
101 _aMEN
245 _aMultinational Management
_cJohn B. Cullen
942 _2udc
_cBK
999 _c56912
_d56912